Και Ηνοίχθησαν Οι Ουρανοί / Τα διαστημόπλοια του Προφήτη Ιεζεκιήλ και η επιβεβαίωση τους από τη σύγχρονη τεχνική (Record no. 2867)
[ view plain ]
| 000 -LEADER | |
|---|---|
| fixed length control field | 01101cam a22001814a 4500 |
| 005 - ΗΜΕΡΟΜΗΝΙΑ ΚΑΙ ΩΡΑ ΤΕΛΕΥΤΑΙΑΣ ΕΝΗΜΕΡΩΣΗΣ | |
| Πεδίο ελέγχου | 20250605164055.0 |
| 008 - FIXED-LENGTH DATA ELEMENTS--GENERAL INFORMATION | |
| Πεδίο ελέγχου σταθερού μήκους | 250528s ||||||||||||||||||||||||d |
| 035 ## - SYSTEM CONTROL NUMBER | |
| System control number | 17451 |
| 040 ## - ΠΗΓΗ ΚΑΤΑΛΟΓΟΓΡΑΦΗΣΗΣ | |
| Φορέας πρωτότυπης καταλογογράφησης | MC Athens Campus Library |
| Γλώσσα καταλογογράφησης | Ελληνικά, Μοντέρνα (1453-) |
| Modifying agency | MC Athens Campus Library |
| Κανόνες περιγραφικής καταλογογράφησης | AACR2 |
| 245 1# - ΤΙΤΛΟΣ ΚΑΙ ΔΗΛΩΣΗ ΥΠΕΥΘΥΝΟΤΗΤΑΣ | |
| Τίτλος | Και Ηνοίχθησαν Οι Ουρανοί / Τα διαστημόπλοια του Προφήτη Ιεζεκιήλ και η επιβεβαίωση τους από τη σύγχρονη τεχνική |
| 260 ## - PUBLICATION, DISTRIBUTION, ETC. | |
| Name of publisher, distributor, etc. | Ηριδανός, |
| Date of publication, distribution, etc. | 1972 |
| 300 ## - PHYSICAL DESCRIPTION | |
| Extent | 250 |
| 520 ## - SUMMARY, ETC. | |
| Summary, etc. | Γενικά, Ποιός Ήταν ο Ιεζεκιήλ, Τι είδε ο Ιεζεκιήλ, Το Διαστημόπλοιο, Το Κείμενο της Βίβλου και η Διαστημική Τέχνη, Συμπληρώματα και Ανακαλύψεις, Κείμενο και Συγγραφέας και Διήγηση, Η Αποστολή, Μορφή και Μηχανισμός, Η Επέκταση της Βάσης, Παράρτημα, Πίνακας Πηγών. |
| 700 1# - ΠΡΟΣΘΕΤΗ ΑΝΑΓΡΑΦΗ--ΦΥΣΙΚΟ ΠΡΟΣΩΠΟ | |
| Personal name | Μπλούμριχ Γιόζεφ Φ |
| 9 (RLIN) | 3600 |
| 942 ## - ADDED ENTRY ELEMENTS (KOHA) | |
| Koha item type | Books |
| Τύπος τεκμηρίου | Βιβλιοθήκη | Τρέχουσα τοποθεσία | Barcode | Αριθμός εισαγωγής | Ημερομηνία απόκτησης | Ταξιθετικό σύμβολο | Αριθμός αντιτύπου | Κατάσταση απόσυρσης | Κατάσταση χαμένου | Κατάσταση κατεστραμμένου | Μη δανεισμός | Σύνολο δανεισμών | Ημερομηνία τελευταίας εμφάνισης | Η τιμή ισχύει από |
|---|---|---|---|---|---|---|---|---|---|---|---|---|---|---|
| Books | MC Athens Campus Library | MC Athens Campus Library | 9780000028662 | 5700 | 05/06/2025 | 001.94 BLU | 1 | 05/06/2025 | 05/06/2025 |